| 000 | 01300nam a2200325 a4500 | ||
|---|---|---|---|
| 001 | 1675693072 | ||
| 003 | DE-627 | ||
| 005 | 20221026165345.0 | ||
| 007 | tu | ||
| 008 | 190902m20212021xxk||||| 00| ||eng c | ||
| 020 |
_a9781474298810 _9978-1-4742-9881-0 |
||
| 035 | _a(DE-627)1675693072 | ||
| 035 | _a(DE-599)KXP1675693072 | ||
| 040 |
_aDE-627 _bger _cDE-627 |
||
| 041 | _aeng | ||
| 245 | 1 | 2 |
_aA Cultural History of Objects _cgeneral editors: Dan Hicks and William Whyte |
| 264 | 1 |
_aLondon _aNew York _aOxford _aNew Delhi _aSydney _bBloomsbury Academic _c2021 |
|
| 300 | _a 1 online resource (6 Bände) | ||
| 336 |
_2rdacontent _aText _btxt |
||
| 337 |
_2rdamedia _aComputermedien _bbc |
||
| 338 |
_2rdacarrier _aOnline Ressource _bcr |
||
| 490 | 0 | _aThe cultural histories series | |
| 500 | _aE-Book-ProQuest / Fernzugriff nach Registrierung möglich | ||
| 500 | _aURL siehe Bände | ||
| 655 | 7 |
_aAufsatzsammlung _0(DE-588)4143413-4 _0(DE-627)105605727 _0(DE-576)209726091 _2gnd-content _9210 |
|
| 700 | 1 |
_aHicks, Dan _d1972- _eHerausgeberIn _0(DE-588)133681416 _0(DE-627)550688218 _0(DE-576)256779155 _4edt _915707 |
|
| 700 | 1 |
_aWhyte, William _eHerausgeberIn _0(DE-588)1053155794 _0(DE-627)789643421 _0(DE-576)408913010 _4edt _915708 |
|
| 942 |
_2z _cEB |
||
| 999 |
_c60919 _d60919 |
||